00426 2200169 4500245006300000020002200063250001100085100001400096700001700110650001400127005001900141260004200160041001400202084001000216300002100226336000900247 aKue & Snack b : Legendaris untuk JualancWawawiatihText a978-602-06-5650-2 aCet. 1 aWawawiati aYudho Asmoro aResep Kue a20241008143915 aJakartabGramedia Pustaka Utamac2021 aIndonesia a641.5 a88 hlm. :cilus. atext